Skład reprezentacji Polski na Mistrzostwach Europy 2024 - Statystyki

Ogólne statystyki
  • Ten quiz został rozwiązany 109 razy
  • Średni wynik to 21 z 26
Statystyki odpowiedzi
Nazwisko % Poprawnych
Wojciech Szczęsny
99%
Robert Lewandowski
96%
Jan Bednarek
94%
Piotr Zieliński
93%
Jakub Kiwior
91%
Łukasz Skorupski
91%
Nicola Zalewski
89%
Krzysztof Piątek
87%
Marcin Bułka
87%
Damian Szymański
86%
Kacper Urbański
86%
Sebastian Szymański
86%
Przemysław Frankowski
85%
Kamil Grosicki
84%
Jakub Moder
81%
Karol Świderski
80%
Paweł Dawidowicz
80%
Tymoteusz Puchacz
76%
Adam Buksa
74%
Bartosz Salamon
72%
Michał Skóraś
69%
Sebastian Walukiewicz
67%
Taras Romanczuk
66%
Bartosz Slisz
64%
Jakub Piotrowski
64%
Bartosz Bereszyński
55%
Nie znaleziono quizów pasujących do podanych kryteriów
Rozkład punktacji
Procent ludzi z każdym wynikiem
Percentyl według liczby udzielonych odpowiedzi
Twoja historia wyników
Nie rozwiązałeś tego quizu